| 000 | 00470nam a2200169 a 4500 | ||
|---|---|---|---|
| 001 | 1832 | ||
| 005 | 20140414131949.0 | ||
| 008 | 010416s19uu xx 00 eng d | ||
| 020 | _a0-7894-2053-8 | ||
| 050 |
_aM 411 _bH64 1997 |
||
| 100 | _aHoltz, Lara Tankel | ||
| 245 |
_aAlphabet book / _cwritten by Lara Tankel Holtz ; photography by Dave King. |
||
| 260 |
_aNew York : _bDK Pub., _c1997. |
||
| 300 | _a1 v. p. : ill. ; cm. | ||
| 650 | _aTitle. | ||
| 999 |
_c112745 _d112745 |
||